Catalog

Record Details

Catalog Search



Available copies

  • 2 of 2 copies available at LARL/NWRL Consortium.
  • 2 of 2 copies available at Lake Agassiz Regional Library. (Show preferred library)

Current holds

0 current holds with 2 total copies.

Show Only Available Copies
Location Call Number / Copy Notes Barcode Shelving Location Status Due Date
Detroit Lakes Public Library J 973.7114 ADL (Text) 33500011104791 Main Available -
Moorhead Public Library J 973.7114 ADL (Text) 33500011104783 Main Available -

Record details

  • ISBN: 9780823420568 (hardcover) :
  • ISBN: 0823420566 (hardcover) :
  • Physical Description: 138 p. : ill. ; 25 cm.
  • Edition: 1st ed.
  • Publisher: New York : Holiday House, c2010.

Content descriptions

Bibliography, etc. Note:
Includes bibliographical references (p. 131-132) ... Read More
Formatted Contents Note:
"I sobbed myself to sleep" -- "Many children but ... Read More
Summary, etc.:
When, in 1879, a bust in his likeness was placed ... Read More
Awards Note:
A Junior Library Guild selection
Subject: Douglass, Frederick, 1818-1895 > Juvenile literature.
Abolitionists > United States > Biography > Juvenile literature.
African American abolitionists > Biography > Juvenile literature.
Antislavery movements > United States > Juvenile literature.
Douglass, Frederick, 1818-1895.
Abolitionists > United States > Biography.
African American abolitionists > Biography.
Antislavery movements > United States.
LDR 02641cam a2200433 a 4500
001120413
003LARL_NWRL_CONSORTIUM
00520100709112345.0
008090720s2010 nyua c b 001 0beng
010 . ‡a2009029970
020 . ‡a9780823420568 (hardcover) : ‡c$18.95
020 . ‡a0823420566 (hardcover) : ‡c$18.95
035 . ‡a(OCoLC)427543624
037 . ‡bJunior Library Guild ‡nhttp://www.juniorlibraryguild.com
040 . ‡aDLC ‡cDLC ‡dTEF ‡dTMI ‡dXY4
043 . ‡an-us---
08200. ‡a973.7/114092 ‡aB ‡222
1001 . ‡aAdler, David A. ‡0(LARL_NWRL_CONSORTIUM)59828
24510. ‡aFrederick Douglass : ‡ba noble life / ‡cDavid A. Adler.
250 . ‡a1st ed.
260 . ‡aNew York : ‡bHoliday House, ‡cc2010.
300 . ‡a138 p. : ‡bill. ; ‡c25 cm.
5868 . ‡aA Junior Library Guild selection
520 . ‡aWhen, in 1879, a bust in his likeness was placed at the University of Rochester, Frederick Douglass wrote: "Incidents of this character do much amaze me. It is not, however, the height to which I have risen, but the depth from which I have come that amazes me." This biography tells the story of his ascent from slavery.
504 . ‡aIncludes bibliographical references (p. 131-132) and index.
5050 . ‡a"I sobbed myself to sleep" -- "Many children but no family" -- "Why am I a slave?" -- "The turning point" -- "You rascal" -- New Bedford: "I had no master" -- The lecture circuit : "I can tell you what I have seen" -- "From house to house, and from heart to heart -- "What, to an American slave, is your 4th of July?" -- Foreshadowed a conflict on a larger scale -- "To arms!" -- "A sacred effort" -- "Young in liberty and old in slavery" -- The African-American : "like a man in a morass" -- "From first to last : a noble life" -- Important dates in the life of Frederick Douglass.
60010. ‡aDouglass, Frederick, ‡d1818-1895 ‡vJuvenile literature.
650 0. ‡aAbolitionists ‡zUnited States ‡vBiography ‡vJuvenile literature. ‡0(LARL_NWRL_CONSORTIUM)163209
650 0. ‡aAfrican American abolitionists ‡vBiography ‡vJuvenile literature. ‡0(LARL_NWRL_CONSORTIUM)163207
650 0. ‡aAntislavery movements ‡zUnited States ‡vJuvenile literature. ‡0(LARL_NWRL_CONSORTIUM)170512
60011. ‡aDouglass, Frederick, ‡d1818-1895. ‡0(LARL_NWRL_CONSORTIUM)62523
650 1. ‡aAbolitionists ‡zUnited States ‡vBiography. ‡0(LARL_NWRL_CONSORTIUM)163202
650 1. ‡aAfrican American abolitionists ‡vBiography. ‡0(LARL_NWRL_CONSORTIUM)163204
650 1. ‡aAntislavery movements ‡zUnited States. ‡0(LARL_NWRL_CONSORTIUM)40058
901 . ‡a120413 ‡bOCLC ‡c120413 ‡tbiblio

Additional Resources